[Event "Bashkortostan-ch"]
[Site "Tuimazy"]
[Date "2020.02.03"]
[Round "7"]
[White "Azhbiev, Usman"]
[Black "Zabrodin, Nikita"]
[Result "1-0"]
[WhiteElo "1458"]
[BlackElo "1154"]
[PlyCount "89"]
[EventDate "2020.01.26"]
[EventType "tourn"]
[EventRounds "11"]
[EventCountry "RUS"]
[SourceTitle "CBM 195 Extra"]
[Source "ChessBase"]
[SourceDate "2020.05.31"]
[SourceVersion "1"]
[SourceVersionDate "2020.05.31"]
[SourceQuality "1"]

1. e4 e5 2. Nf3 Nc6 3. d3 Bc5 4. c3 Nf6 5. b4 Bb6 6. b5 Ne7 7. Nxe5 d6 8. Nf3 0-0 9. Be2 Bd7 10. Bg5 Ng6 11. 0-0 Bxb5 12. a4 Bc6 13. a5 Bc5 14. d4 Bxe4 15. dxc5 h6 16. Bxf6 Qxf6 17. Qd4 Qf4 18. Nbd2 Rfe8 19. cxd6 cxd6 20. Bb5 Re7 21. Rae1 d5 22. Re3 Qg4 23. h3 Qf5 24. Bd3 Bxd3 25. Rxd3 Rd8 26. Re3 a6 27. Rfe1 Qd7 28. Ne5 Nxe5 29. Rxe5 Rxe5 30. Rxe5 f6 31. Re3 Qb5 32. Qb4 Qd7 33. Nb3 Re8 34. Nc5 Qd8 35. Nxb7 Qa8 36. Re7 Rxe7 37. Qxe7 Qa7 38. Qe6+ Kh8 39. Qxd5 Kh7 40. c4 Qb8 41. g3 Qe8 42. Nd6 Qe7 43. Qe4+ Qxe4 44. Nxe4 Kg8 45. Nc5 1-0

[Event "Bashkortostan-ch"]
[Site "Tuimazy"]
[Date "2020.02.02"]
[Round "5"]
[White "Korzhova, Sofia"]
[Black "Zabrodin, Nikita"]
[Result "0-1"]
[WhiteElo "1592"]
[BlackElo "1154"]
[PlyCount "104"]
[EventDate "2020.01.26"]
[EventType "tourn"]
[EventRounds "11"]
[EventCountry "RUS"]
[SourceTitle "CBM 195 Extra"]
[Source "ChessBase"]
[SourceDate "2020.05.31"]
[SourceVersion "1"]
[SourceVersionDate "2020.05.31"]
[SourceQuality "1"]

1. e4 e5 2. Nf3 Nc6 3. d4 Bd6 4. c3 Nf6 5. d5 Ne7 6. Bd3 Ng6 7. Be3 0-0 8. c4 Bb4+ 9. Nbd2 d6 10. Qe2 Bd7 11. a3 Bc5 12. Bxc5 dxc5 13. g3 c6 14. h4 Re8 15. Nh2 Qc8 16. 0-0-0 Ng4 17. Nxg4 Bxg4 18. f3 Bd7 19. Rdg1 a6 20. h5 Nf8 21. f4 Bg4 22. Qg2 h6 23. f5 cxd5 24. Rh4 Bxf5 25. exf5 e4 26. Bc2 e3 27. Nf3 d4 28. g4 f6 29. Bd3 Nh7 30. Rhh1 Qc6 31. Qe2 Rf8 32. Rf1 Rab8 33. Rhg1 Ng5 34. Nxg5 fxg5 35. Rf3 Rf6 36. Rgf1 b5 37. Qc2 b4 38. Qh2 Qb6 39. axb4 Qxb4 40. Qc2 a5 41. Be2 a4 42. Rh3 a3 43. b3 Qxb3 44. Qxb3 Rxb3 45. Kc2 Rc3+ 46. Kb1 Rb6+ 47. Ka1 Rc2 48. Bf3 Rbb2 49. Bd5+ Kh8 50. Rhf3 Ra2+ 51. Kb1 Rcb2+ 52. Kc1 Ra1# 0-1

[Event "Bashkortostan-ch"]
[Site "Tuimazy"]
[Date "2020.01.31"]
[Round "4"]
[White "Zabrodin, Nikita"]
[Black "Ardashirov, Rustam"]
[Result "0-1"]
[WhiteElo "1154"]
[BlackElo "1394"]
[PlyCount "100"]
[EventDate "2020.01.26"]
[EventType "tourn"]
[EventRounds "11"]
[EventCountry "RUS"]
[SourceTitle "CBM 195 Extra"]
[Source "ChessBase"]
[SourceDate "2020.05.31"]
[SourceVersion "1"]
[SourceVersionDate "2020.05.31"]
[SourceQuality "1"]

1. e4 c5 2. Nf3 d6 3. d4 cxd4 4. Nxd4 Nf6 5. Nc3 Nc6 6. Be3 g6 7. Bc4 Bg7 8. Nb3 0-0 9. Qd2 Ne5 10. Be2 Be6 11. Bh6 Nc4 12. Bxc4 Bxc4 13. Bxg7 Kxg7 14. 0-0-0 b5 15. f3 a5 16. Kb1 a4 17. Nc1 b4 18. Nd5 Bxd5 19. exd5 Qb8 20. c3 bxc3 21. Qxc3 Rc8 22. Qd4 a3 23. b3 Qc7 24. Rd2 Ra5 25. Qf2 Nxd5 26. Rc2 Qxc2+ 27. Qxc2 Rxc2 28. Kxc2 Ne3+ 29. Kc3 Nxg2 30. Kb4 Ra8 31. Ne2 Ne3 32. Nc3 Nc2+ 33. Kc4 e5 34. Kd3 Nd4 35. Rf1 f5 36. f4 Rc8 37. fxe5 dxe5 38. b4 Kf6 39. b5 Ke6 40. b6 Kd6 41. b7 Rb8 42. Rb1 Kc6 43. Na4 Rxb7 44. Rxb7 Kxb7 45. Nc5+ Kc6 46. Kc4 g5 47. Nd3 Kd6 48. Kb4 e4 49. Ne1 f4 50. Kxa3 f3 0-1

[Event "Bashkortostan-ch"]
[Site "Tuimazy"]
[Date "2020.01.29"]
[Round "3"]
[White "Zabrodin, Nikita"]
[Black "Davletshin, Vener"]
[Result "0-1"]
[WhiteElo "1154"]
[BlackElo "1654"]
[PlyCount "134"]
[EventDate "2020.01.26"]
[EventType "tourn"]
[EventRounds "11"]
[EventCountry "RUS"]
[SourceTitle "CBM 195 Extra"]
[Source "ChessBase"]
[SourceDate "2020.05.31"]
[SourceVersion "1"]
[SourceVersionDate "2020.05.31"]
[SourceQuality "1"]

1. e4 d6 2. d4 Nf6 3. Nc3 a6 4. Bf4 e6 5. Nf3 Be7 6. Qd2 b5 7. Bd3 Bb7 8. 0-0 0-0 9. Be2 Nxe4 10. Nxe4 Bxe4 11. Ng5 Bg6 12. Bf3 d5 13. Be2 Nd7 14. Nf3 c5 15. Ne5 Nxe5 16. dxe5 Rc8 17. Rfd1 c4 18. c3 Qc7 19. a3 Bc5 20. Bg4 Rcd8 21. Be3 Qb6 22. Bd4 Bxd4 23. Qxd4 Qxd4 24. Rxd4 Rb8 25. Rc1 a5 26. Bd1 Rfc8 27. Bc2 b4 28. axb4 axb4 29. Bxg6 fxg6 30. Rd2 bxc3 31. bxc3 Rc6 32. g3 g5 33. Ra2 Rb7 34. Rca1 Kf7 35. Kf1 h5 36. Ke2 Kg6 37. Ke3 Kf5 38. f4 gxf4+ 39. gxf4 g5 40. fxg5 Kxe5 41. h4 Rb3 42. Kd2 Rb7 43. Kc2 Rcb6 44. Re1+ Kf5 45. Rh1 e5 46. Rd1 Rb5 47. Rh1 d4 48. cxd4 exd4 49. Rd1 d3+ 50. Kc3 Rc7 51. Ra4 Rb3+ 52. Kd4 c3 53. Rf1+ Ke6 54. Kxd3 c2+ 55. Kd2 Rb1 56. Rc1 Rxc1 57. Kxc1 Kf5 58. Ra2 Rc4 59. Rxc2 Rxh4 60. Rc5+ Kg6 61. Kd2 Re4 62. Kd3 Re6 63. Rc4 Kxg5 64. Re4 Rxe4 65. Kxe4 Kg4 66. Ke3 Kg3 67. Ke2 Kg2 0-1

[Event "Tuimazy-ch U18"]
[Site "Tuimazy"]
[Date "2019.03.05"]
[Round "10"]
[White "Zabrodin, Nikita"]
[Black "Bigalin, Ilnar"]
[Result "1-0"]
[WhiteElo "1058"]
[BlackElo "1827"]
[PlyCount "90"]
[EventDate "2019.03.01"]
[EventType "tourn"]
[EventRounds "11"]
[EventCountry "RUS"]
[SourceTitle "EXT 2022"]
[Source "ChessBase"]
[SourceDate "2021.10.06"]
[SourceVersion "1"]
[SourceVersionDate "2021.10.06"]
[SourceQuality "1"]

1. e4 c6 2. d4 d5 3. exd5 cxd5 4. Nf3 Nc6 5. Bb5 Qb6 6. Nc3 e6 7. 0-0 Bd6 8. Re1 Nge7 9. Ne5 Bxe5 10. Rxe5 Bd7 11. Re1 Qxd4 12. Ne2 Qb6 13. Bxc6 Nxc6 14. c3 0-0-0 15. Nd4 Nxd4 16. cxd4 Kb8 17. Bf4+ Ka8 18. Qd2 Rc8 19. Rac1 Qa6 20. b3 Bc6 21. a4 h6 22. Rc3 Rcf8 23. Rec1 g5 24. Bd6 Rd8 25. Be5 Rhg8 26. Rc5 Rg6 27. Qb4 Qb6 28. Qc3 f6 29. a5 Qa6 30. b4 b6 31. Rxc6 fxe5 32. Rc7 bxa5 33. bxa5 exd4 34. Qxd4 Rb8 35. Qc5 Qb7 36. Rxb7 Rxb7 37. Qc6 a6 38. Qxa6+ Kb8 39. Qc6 Rgg7 40. a6 Rbc7 41. Qb6+ Kc8 42. Rxc7+ Rxc7 43. g3 Kd7 44. a7 Rc8 45. Qb7+ Kd8 1-0

[Event "Tuimazy-ch U18"]
[Site "Tuimazy"]
[Date "2019.03.03"]
[Round "6"]
[White "Zabrodin, Nikita"]
[Black "Gafarov, Damir"]
[Result "0-1"]
[WhiteElo "1058"]
[BlackElo "2005"]
[PlyCount "58"]
[EventDate "2019.03.01"]
[EventType "tourn"]
[EventRounds "11"]
[EventCountry "RUS"]
[SourceTitle "EXT 2022"]
[Source "ChessBase"]
[SourceDate "2021.10.06"]
[SourceVersion "1"]
[SourceVersionDate "2021.10.06"]
[SourceQuality "1"]

1. e4 c5 2. Nf3 d6 3. d4 cxd4 4. Nxd4 Nf6 5. Nc3 a6 6. Be3 e6 7. f3 b5 8. Nb3 Nbd7 9. Bd3 Bb7 10. Qd2 Be7 11. 0-0-0 0-0 12. g4 Nc5 13. Bg5 Qc7 14. h4 b4 15. Ne2 a5 16. Kb1 Nxd3 17. cxd3 a4 18. Nbd4 Rfb8 19. Rc1 Qd7 20. Bxf6 Bxf6 21. g5 Be7 22. h5 d5 23. Nc2 b3 24. Ne1 bxa2+ 25. Kxa2 dxe4 26. fxe4 Bxe4 27. Ng3 Qd5+ 28. Ka1 Bxh1 29. Nxh1 Bxg5 0-1